Seguro de responsabilidad civil del automovil, de suscripción obligatoria (Record no. 9540)

MARC details
000 -LEADER
campo de control de longitud fija 00700nam a2200193 i 4500
001 - NÚMERO DE CONTROL
campo de control 9540
003 - IDENTIFICADOR DE NÚMERO DE CONTROL
campo de control ES-MaACL
005 - FECHA Y HORA DE LA ÚLTIMA TRANSACCIÓN
campo de control 20230906145711.0
007 - CAMPO FIJO DE DESCRIPCIÓN FÍSICA--INFORMACIÓN GENERAL
campo de control de longitud fija t|
008 - DATOS DE LONGITUD FIJA--INFORMACIÓN GENERAL
campo de control de longitud fija 931008s1993 sp ||||1| spa d
020 ## - NÚMERO INTERNACIONAL ESTÁNDAR DEL LIBRO
Número Internacional Estándar del Libro 84-87899-12-9
080 ## - NÚMERO DE LA CLASIFICACIÓN DECIMAL UNIVERSAL
Número de la Clasificación Decimal Universal 368.21:629.11
100 1# - ENTRADA PRINCIPAL--NOMBRE DE PERSONA
Nombre de persona Saura Calixto, Diego.
9 (RLIN) 103999
245 10 - MENCIÓN DEL TÍTULO
Título Seguro de responsabilidad civil del automovil, de suscripción obligatoria
Resto del título : adaptación del derecho español a la normativa comunitaria /
Mención de responsabilidad, etc. Diego Saura Calixto.
260 ## - PUBLICACIÓN, DISTRIBUCIÓN, ETC.
Lugar de publicación, distribución, etc. Madrid :
Nombre del editor, distribuidor, etc. Centro de Estudios del Seguro,
Fecha de publicación, distribución, etc. D.L. 1993.
300 ## - DESCRIPCIÓN FÍSICA
Extensión 665 p. ;
Dimensiones 24 cm.
650 14 - PUNTO DE ACCESO ADICIONAL DE MATERIA--TÉRMINO DE MATERIA
Término de materia o nombre geográfico como elemento de entrada Seguros de automoviles.
9 (RLIN) 17027
852 ## - LOCALIZACIÓN
Ubicación ES-MaACL
Número de control de estantería L-16797
Sublocalización o colección R.121779
condición física . - Ded. autógr. del autor
Holdings
Estatus retirado Estado de pérdida Estado de daño No para préstamo Biblioteca de origen Biblioteca actual Ubicación en estantería Fecha de adquisición Fuente de adquisición Total de préstamos Signatura topográfica completa Código de barras Visto por última vez Precio de reemplazo Tipo de ítem Koha
        Biblioteca del Ateneo de Madrid Biblioteca del Ateneo de Madrid Depósito 2 17/01/2008     L-16797 1009735 23/02/2023 23/02/2023 Libro impreso